00582nam a22001577a 4500008004100000020001800041082002400059100003300083245011700116260006900233300002000302504002700322650002300349650002600372700002600398250411b |||||||| |||| 00| 0 eng d a9789937980012 223rd.a820.9bB858r1 aBudhathoki, Mahendra Kumar  aReadings on William Shakespeare's comedies and tragedies /cMahendra Kumar Budhathoki and Tilak Bahadur Khatri.  aKathmandu :bDikshanta Books Publishers and Distributors,c2024. aii, 99p. : ill. aIncludes bibliography. aEnglish literature aHistory and criticism1 aKhatri, Tilak Bahadur